| 000 | 00988nam a22002177a 4500 | ||
|---|---|---|---|
| 005 | 20230919143010.0 | ||
| 010 | _aHIN-126051 | ||
| 020 |
_a9789354911187 _c310.00 |
||
| 035 | _aHN-98397 | ||
| 037 | _bDBAD/PUB | ||
| 082 | _a920 | ||
| 100 |
_aचतुर्वेदी, सचिदानंद _956948 |
||
| 245 |
_aन हन्यते ....;जीवन आख्यान -नेता जी सुभाष चन्द्र बोस / _c सचिदानंद चतुर्वेदी, |
||
| 250 | _a1 | ||
| 260 |
_bराष्टीय पुस्तक न्यास _aनई दिल्ली _c2022 |
||
| 270 |
_aनेहरु भवन 5 वसंत कुञ्ज इंस्टिट्यूटनल एरिया फेज -2 _e110070 _bनई दिल्ली |
||
| 300 |
_a242 पृ. _c22 सेमी (अजिल्द) |
||
| 710 | _956895 | ||
| 942 |
_cHN _2ddc _h920 _mचतुर्वे |
||
| 999 |
_c198363 _d198363 |
||